000 01669nam a22004457a 4500
001 000096069
003 CHAP
005 20220329143140.0
008 060814d2006 mx r 00110 spa d
010 _a92535
011 _a93507
035 _a104083
040 _cCHAP
090 _aTesis
100 1 _aGonzález Jiménez, Benito.
_949073
245 1 0 _aCaracterización del sitio de plantación en el ejido Acahuizotla, municipio de Chilpancingo, estado de Guerrero /
_c/por Benito González Jiménez.
260 _aChapingo, Méx. :
_bEl autor,
_c2006.
300 _a92 h. :
_bilus. ; gráfs.
502 _aTesis (Ing. en Restauración Forestal) -- UACH. División de Ciencias Forestales
590 _aALEPH
_b10
_c20130110
_lUCH01
_h1513
590 _aBATCH-UPD
_b10
_c20130110
_lUCH01
_h0532
590 _aBATCH-UPD
_b10
_c20130410
_lUCH01
_h0212
590 _aBATCH-UPD
_b10
_c20130914
_lUCH01
_h1547
590 _aBATCH-UPD
_b10
_c20140324
_lUCH01
_h1458
590 _aBATCH-UPD
_b10
_c20141002
_lUCH01
_h0831
590 _aCONVERSION
_b10
_c20130109
_lUCH01
_h1351
590 _aE11695DGD
_b10
_c20141006
_lUCH01
_h1047
590 _aE5765TAJ
_b10
_c20130704
_lUCH01
_h1130
650 1 4 _aPinus greggii.
_988338
650 1 4 _aPinus patula.
_988356
650 1 4 _aPlantación de árboles.
_988782
650 1 4 _aSuelos
_xFertilidad.
_9110367
856 _3Finding aid
_uhttp://10.13.5.2/tesis/104083.pdf
_zTeclea aquí
901 _aBK
905 _aAlejandra Carrasco M.
942 _cCD
942 _n0
949 _aTesis
_bBC
_cTES
_d00000001040831
_eTS1
_gDonaciØn
_h45381
_i104083
_sb
949 _aTesis
_bBC
_cTES
_d33724000992657
_eTS2
_fc.2
_gDonaciØn
_h45382
_i104083
_sb
999 _c92535
_d92535